[Event "3rd EUR-ch (w)"]
[Site "Varna BUL"]
[Date "2002.05.30"]
[Round "4.36"]
[White "Zakurdyaeva, Irina"]
[Black "Milliet, Sophie"]
[Result "1-0"]
[WhiteElo "2318"]
[BlackElo "2163"]
[EventDate "2002.05.27"]
[PlyCount "47"]

1.e4 e6 2.d4 d5 3.Nc3 Bb4 4.e5 Qd7 5.a3 Bxc3+ 6.bxc3 b6 7.a4 Bb7 8.Bd3 Nc6
9.Nf3 h6 10.O-O Nge7 11.Ba3 Na5 12.Qe2 O-O 13.Nh4 Rfc8 14.f4 c5 15.f5 c4 
16.fxe6 fxe6 17.Qh5 Rf8 18.Ng6 Rxf1+ 19.Rxf1 Nxg6 20.Bxg6 Qxa4 21.Be7 Rc8 
22.Bf7+ Kh8 23.Bf6 Qxc2 24.Qxh6+ 1-0

[Event "3rd EUR-ch (w)"]
[Site "Varna BUL"]
[Date "2002.05.30"]
[Round "4.38"]
[White "Lauterbach, Ingrid"]
[Black "Richards, Heather"]
[Result "0-1"]
[WhiteElo "2127"]
[BlackElo "2252"]
[EventDate "2002.05.27"]
[PlyCount "144"]

1.f4 d5 2.Nf3 Bg4 3.Ne5 Bf5 4.d3 Nf6 5.e3 Nbd7 6.Be2 e6 7.O-O h5 8.Nd2 
Nxe5 9.fxe5 Ng4 10.Nf3 Bc5 11.d4 Be7 12.c4 c6 13.Qb3 b6 14.cxd5 cxd5 15.
Qa4+ Kf8 16.Bd2 g5 17.Rac1 Kg7 18.Rc6 Be4 19.Rfc1 Nh6 20.Ba6 Qd7 21.Qb3 
Nf5 22.Rc7 Qe8 23.Bb5 Qg8 24.Bc6 Rb8 25.Rxa7 g4 26.Ne1 Bg5 27.Bb5 Nxd4 28.
exd4 Bxd2 29.Rd1 Bg5 30.Bd3 Qh7 31.Bxe4 Qxe4 32.Qd3 Be3+ 33.Kf1 Qf4+ 34.
Nf3 gxf3 35.g3 Qe4 36.Ra3 Bg5 37.Qxf3 Qxf3+ 38.Rxf3 Rhc8 39.h4 Rc1 40.Ke2 
Rxd1 41.Kxd1 Bd8 42.Rc3 b5 43.Rb3 Bc7 44.Kd2 Kg6 45.Rf3 Ra8 46.a3 Ra4 47.
Rf4 Bb6 48.Kd3 b4 49.axb4 Rxb4 50.Kc3 Rc4+ 51.Kd3 Rc1 52.g4 hxg4 53.Rxg4+ 
Kf5 54.Rg5+ Kf4 55.Rg7 Rd1+ 56.Kc2 Rxd4 57.Rxf7+ Kxe5 58.h5 Rh4 59.Rh7 
Rh2+ 60.Kc1 Be3+ 61.Kb1 Bd4 62.b4 Rb2+ 63.Kc1 Rxb4 64.Kc2 Rb2+ 65.Kd3 Rb3+
66.Ke2 Rh3 67.Rh6 Kf5 68.Rh7 Bf6 69.Kd2 e5 70.Rd7 d4 71.Rh7 Kg5 72.Rf7 
Rxh5 0-1

[Event "3rd EUR-ch (w)"]
[Site "Varna BUL"]
[Date "2002.05.30"]
[Round "4.39"]
[White "Hernandez Estevez, Yudania"]
[Black "Mira, Helene"]
[Result "1-0"]
[WhiteElo "2247"]
[BlackElo "2127"]
[EventDate "2002.05.27"]
[PlyCount "37"]

1.e4 e5 2.Nf3 Nc6 3.d4 exd4 4.Nxd4 Bc5 5.Nb3 Bb6 6.a4 Qf6 7.Qe2 Nge7 8.a5 
Nd4 9.Nxd4 Bxd4 10.c3 Be5 11.g3 c6 12.Bg2 O-O 13.O-O d5 14.Nd2 Bc7 15.c4 
dxc4 16.Nxc4 b5 17.axb6 Bb8 18.Be3 Re8 19.Rfd1 1-0

[Event "3rd EUR-ch (w)"]
[Site "Varna BUL"]
[Date "2002.05.30"]
[Round "4.40"]
[White "Besheva, Svetla"]
[Black "Shaidullina, Sandugach"]
[Result "0-1"]
[WhiteElo "2125"]
[BlackElo "2245"]
[EventDate "2002.05.27"]
[PlyCount "106"]

1.e4 c5 2.c3 d5 3.exd5 Qxd5 4.d4 g6 5.dxc5 Qxc5 6.Be3 Qc7 7.Bxa7 Rxa7 8.
Qd4 Nc6 9.Qxh8 Nf6 10.Nf3 Ra5 11.Nbd2 g5 12.Nc4 Rc5 13.h3 Be6 14.Ne3 Qb6 
15.b3 Rxc3 16.Be2 Ne4 17.O-O Rxe3 18.fxe3 Qxe3+ 19.Kh2 Qxe2 20.Rae1 Qd3 
21.Qxh7 Qd6+ 22.Kg1 Qc5+ 23.Kh2 Nf6 24.Qd3 g4 25.Ng1 Bg7 26.Rxe6 fxe6 27.
Qg6+ Kf8 28.Qxg4 Qd6+ 29.Kh1 Kg8 30.Qf3 Qd5 31.Ne2 Ne5 32.Qg3 Ne4 33.Qh4 
Qd3 34.Qe1 Qxe2 35.Qxe2 Ng3+ 36.Kg1 Nxe2+ 37.Kf2 Nc3 38.a4 Nd3+ 39.Ke3 Nc5
40.b4 N5xa4 41.g4 Nd5+ 42.Kf3 Nxb4 43.Rb1 Bc3 44.g5 Nb2 45.h4 Nd5 46.h5 b5
47.h6 Kh7 48.Kg4 b4 49.Kh5 Nf4+ 50.Kg4 e5 51.Kf5 Nc4 52.Rg1 Ne3+ 53.Ke4 b3
0-1

[Event "3rd EUR-ch (w)"]
[Site "Varna BUL"]
[Date "2002.05.30"]
[Round "4.41"]
[White "Georgieva, Liubka"]
[Black "Andersson, Christin"]
[Result "1/2-1/2"]
[WhiteElo "2241"]
[BlackElo "2119"]
[EventDate "2002.05.27"]
[PlyCount "121"]

1.e4 e6 2.d3 d5 3.Qe2 dxe4 4.dxe4 Nc6 5.c3 Bc5 6.Nf3 a6 7.Be3 Qe7 8.Nbd2 
Bd7 9.Nb3 Bxe3 10.Qxe3 O-O-O 11.Nc5 Nf6 12.h3 Ne8 13.Be2 f5 14.exf5 e5 15.
g4 h5 16.O-O-O hxg4 17.hxg4 Rxh1 18.Rxh1 Nf6 19.Nxd7 Qxd7 20.Rd1 Qf7 21.
Rxd8+ Nxd8 22.Nxe5 Qxa2 23.Qd4 Nf7 24.Nxf7 Qxf7 25.Bf3 Qe7 26.Kb1 Qe1+ 27.
Ka2 Qe7 28.Qa7 Qf7+ 29.Ka1 Qb3 30.Qa8+ Kd7 31.Qxb7 Qxb7 32.Bxb7 Nxg4 33.
Bxa6 Nxf2 34.b4 Kd6 35.Ka2 Ke5 36.Bc8 Ne4 37.Kb3 Nd6 38.Bd7 Nxf5 39.b5 g5 
40.Kb4 g4 41.Kc5 g3 42.Bc6 Nd6 43.Bg2 Ke6 44.Bh3+ Ke7 45.Bf1 Ne4+ 46.Kc6 
Nd6 47.Bg2 Kd8 48.Bf1 Ke7 49.Bh3 Ne4 50.c4 Ng5 51.Bg2 Kd8 52.c5 Kc8 53.Bd5
Nf7 54.Be6+ Kb8 55.Bh3 Ne5+ 56.Kd5 Nd3 57.Kc6 Nf4 58.Bf1 Ne6 59.b6 cxb6 
60.cxb6 Nf4 61.b7 1/2-1/2

[Event "3rd EUR-ch (w)"]
[Site "Varna BUL"]
[Date "2002.05.30"]
[Round "4.42"]
[White "Dimovski, Aleksandra"]
[Black "Hlgatian, Goar"]
[Result "0-1"]
[WhiteElo "2114"]
[BlackElo "2239"]
[EventDate "2002.05.27"]
[PlyCount "60"]

1.e4 e6 2.d4 d5 3.Nc3 Bb4 4.e5 c5 5.a3 Bxc3+ 6.bxc3 Ne7 7.Nf3 b6 8.Bb5+ 
Bd7 9.Bd3 c4 10.Bf1 Ba4 11.g3 h6 12.h4 Nbc6 13.h5 Kd7 14.Nh4 Qg8 15.Qe2 
Qh7 16.Kd1 a5 17.f4 b5 18.g4 b4 19.f5 bxc3 20.Qe3 Kc7 21.Bh3 g5 22.hxg6 
fxg6 23.fxe6 g5 24.Nf5 h5 25.Rf1 hxg4 26.Bxg4 Raf8 27.Qf2 Nxf5 28.Bxf5 
Qxf5 29.Qxf5 Rxf5 30.Rxf5 Rh1+ 0-1

[Event "3rd EUR-ch (w)"]
[Site "Varna BUL"]
[Date "2002.05.30"]
[Round "4.43"]
[White "Jiretorn, Eva"]
[Black "Gasparian, Narine"]
[Result "1-0"]
[WhiteElo "2114"]
[BlackElo "2204"]
[EventDate "2002.05.27"]
[PlyCount "95"]

1.d4 Nf6 2.c4 d6 3.Nf3 Nbd7 4.Nc3 e5 5.e4 Be7 6.Be2 O-O 7.O-O c6 8.Be3 a6 
9.h3 Re8 10.Qc2 b5 11.a3 Qc7 12.b4 exd4 13.Nxd4 Ne5 14.cxb5 cxb5 15.Rac1 
Bb7 16.f4 Nc4 17.Ncxb5 axb5 18.Nxb5 Qd7 19.Qxc4 Bxe4 20.Bf3 d5 21.Qe2 Bd8 
22.Bxe4 Rxe4 23.Nc3 Re8 24.Qd2 Rxa3 25.Bd4 Ne4 26.Nxe4 dxe4 27.Qb2 Rg3 28.
Kh2 Rg6 29.Be3 Rd6 30.b5 Rd3 31.Rfe1 Qd5 32.Rc5 Qd6 33.Rc6 Qb8 34.g3 Bf6 
35.Qb4 Qa8 36.Rc2 Qd5 37.b6 Rb3 38.Qc4 Qd3 39.Qc6 Rf8 40.Rd2 Qa6 41.Rc2 
Qd3 42.Rd2 Qa6 43.Rc2 h6 44.Qxe4 Bd8 45.Bc5 Bxb6 46.Bxf8 Ba5 47.Ree2 Qb5 
48.Qe5 1-0

[Event "3rd EUR-ch (w)"]
[Site "Varna BUL"]
[Date "2002.05.30"]
[Round "4.45"]
[White "Makka, Ioulia"]
[Black "Doncheva, Marinela"]
[Result "1-0"]
[WhiteElo "2188"]
[BlackElo "2077"]
[EventDate "2002.05.27"]
[PlyCount "63"]

1.e4 c5 2.Nf3 d6 3.d4 cxd4 4.Nxd4 Nf6 5.Nc3 a6 6.Be2 e6 7.O-O Be7 8.a4 b6 
9.f4 Qc7 10.Be3 Bb7 11.Bf3 Nbd7 12.Nb3 O-O 13.Kh1 Rad8 14.Qe2 Ra8 15.Bg1 
Nc5 16.Nxc5 bxc5 17.Rad1 Nd7 18.e5 d5 19.f5 d4 20.fxe6 fxe6 21.Nb1 Nb6 22.
b3 Bh4 23.Rc1 Nd5 24.Be4 Bg5 25.Qh5 Bh6 26.Rce1 Rad8 27.Na3 Rde8 28.Nc4 
Re7 29.Bxh7+ Kxh7 30.Rxf8 g6 31.Qh4 Kg7 32.Rff1 1-0

[Event "3rd EUR-ch (w)"]
[Site "Varna BUL"]
[Date "2002.05.30"]
[Round "4.46"]
[White "Topel, Zehra"]
[Black "Papadopoulou, Vera"]
[Result "1-0"]
[WhiteElo "2023"]
[BlackElo "2170"]
[EventDate "2002.05.27"]
[PlyCount "72"]

1.d4 Nf6 2.Nf3 g6 3.c4 Bg7 4.Nc3 d6 5.e4 O-O 6.Be2 c5 7.d5 e6 8.O-O exd5 
9.cxd5 Bg4 10.Nd2 Bxe2 11.Qxe2 Nbd7 12.f4 Re8 13.Qf3 Nb6 14.a4 a6 15.a5 
Nbd7 16.Nc4 Qc7 17.f5 b5 18.axb6 Nxb6 19.Nxb6 Qxb6 20.Bg5 Rf8 21.Qh3 Rae8 
22.Qh4 c4+ 23.Kh1 Qd4 24.Rfd1 Qe5 25.Bf4 Qe7 26.Rxa6 Nxe4 27.Qxe7 Rxe7 28.
Nxe4 Rxe4 29.Bxd6 Rfe8 30.Bg3 Bxb2 31.fxg6 hxg6 32.d6 c3 33.Rc6 Kg7 34.h3 
Rd8 35.d7 c2 36.Rxc2 Rd4 1-0

[Event "3rd EUR-ch (w)"]
[Site "Varna BUL"]
[Date "2002.05.30"]
[Round "4.49"]
[White "Lomakina, Galia"]
[Black "Kaps, Darja"]
[Result "0-1"]
[WhiteElo "2142"]
[BlackElo "2251"]
[EventDate "2002.05.27"]
[PlyCount "94"]

1.b3 c5 2.Bb2 Nc6 3.e3 d5 4.Nf3 a6 5.Be2 Nf6 6.O-O Bf5 7.d3 e6 8.a3 Be7 9.
Nbd2 Qc7 10.Re1 O-O 11.Bf1 Rfd8 12.g3 Rab8 13.Bg2 b5 14.Qc1 h6 15.e4 dxe4 
16.dxe4 Bh7 17.e5 Nd5 18.Ne4 c4 19.Rb1 Bxe4 20.Rxe4 c3 21.Ba1 a5 22.b4 
axb4 23.axb4 Bxb4 24.Ne1 Be7 25.Nd3 Na5 26.Rg4 Kf8 27.Qe1 h5 28.Re4 b4 29.
Qd1 g6 30.Qc1 Kg7 31.g4 hxg4 32.Rxg4 Nc4 33.Qe1 Rh8 34.h3 Nd2 35.Rd1 Qa5 
36.Rd4 Rxh3 37.Rxd5 exd5 38.e6 f6 39.Nf4 Rf3 40.Nd3 Ra8 41.Qe2 Rf5 42.Bh3 
Rg5+ 43.Bg2 Rh8 44.Qe3 Qc7 45.f4 Rg4 46.Rxd2 cxd2 47.Qxd2 Qa7+ 0-1

[Event "3rd EUR-ch (w)"]
[Site "Varna BUL"]
[Date "2002.05.30"]
[Round "4.50"]
[White "Bratimirova, Dimitrinka"]
[Black "Kouvatsou, Maria"]
[Result "0-1"]
[WhiteElo "2076"]
[BlackElo "2232"]
[EventDate "2002.05.27"]
[PlyCount "115"]

1.e4 c5 2.Nf3 Nc6 3.d4 cxd4 4.Nxd4 Qc7 5.Nc3 e6 6.Ndb5 Qb8 7.f4 a6 8.Nd4 
d6 9.Be2 Nf6 10.O-O Bd7 11.Be3 b5 12.Bf3 b4 13.Nce2 e5 14.Nb3 Be7 15.c4 
O-O 16.f5 Nd8 17.Nd2 Nb7 18.g4 Bc6 19.g5 Nd7 20.Ng3 f6 21.g6 h6 22.Qe2 Rc8
23.Qg2 Bd8 24.Qf2 Nbc5 25.Nh5 Nd3 26.Qh4 Bb6 27.c5 Bxc5 28.Bxc5 N3xc5 29.
Nc4 Bb5 30.Be2 Na4 31.b3 Nab6 32.Rac1 Nxc4 33.bxc4 Bc6 34.Rf3 Qa7+ 35.Kf1 
Qd4 36.Bd3 d5 37.Rh3 dxe4 38.Nxg7 exd3 39.Qxh6 Qf4+ 40.Qxf4 exf4 41.Ne6 
Nf8 42.Nxf4 Be4 43.Nxd3 Bxf5 44.Rg3 Bxd3+ 45.Rxd3 Nxg6 46.c5 Rc6 47.Rd7 
Rac8 48.Ra7 Ne5 49.Rd1 R8c7 50.Rd8+ Kf7 51.Raa8 Kg6 52.Rg8+ Kf5 53.Rgb8 
Nd3 54.Rb6 Nxc5 55.Rxb4 Rh7 56.Kg2 Nd3 57.Ra4 Rc2+ 58.Kf3 0-1

[Event "3rd EUR-ch (w)"]
[Site "Varna BUL"]
[Date "2002.05.30"]
[Round "4.52"]
[White "Polushkina, Svetlana"]
[Black "Shtereva, Slaveja"]
[Result "1-0"]
[WhiteElo "2159"]
[BlackElo "2071"]
[EventDate "2002.05.27"]
[PlyCount "63"]

1.d4 f5 2.g3 Nf6 3.Bg2 g6 4.c4 Bg7 5.Nc3 O-O 6.e3 d6 7.Nge2 e5 8.O-O e4 9.
Rb1 c6 10.b4 d5 11.c5 b5 12.cxb6 axb6 13.a4 Ba6 14.b5 cxb5 15.axb5 Bb7 16.
Qb3 g5 17.Bd2 Nbd7 18.f3 Kh8 19.fxe4 Nxe4 20.Bc1 Nxc3 21.Nxc3 f4 22.gxf4 
gxf4 23.exf4 Qh4 24.Bxd5 Bxd4+ 25.Kh1 Bxd5+ 26.Nxd5 Nc5 27.Qc4 Ra4 28.Rb4 
Rxb4 29.Qxb4 Bg7 30.Bb2 Qh6 31.Rg1 Ne6 32.Bxg7+ 1-0

[Event "3rd EUR-ch (w)"]
[Site "Varna BUL"]
[Date "2002.05.30"]
[Round "4.53"]
[White "Karahaliou, Elia"]
[Black "Ismailova, Aytaj"]
[Result "1-0"]
[WhiteElo "2058"]
[BlackElo "2157"]
[EventDate "2002.05.27"]
[PlyCount "60"]

1.e4 c5 2.Nf3 d6 3.d4 cxd4 4.Nxd4 Nf6 5.Nc3 a6 6.Be3 e5 7.Nf3 Be7 8.Bc4 h6
9.O-O O-O 10.Qd3 Qc7 11.Nd2 Nbd7 12.a4 Nc5 13.Bxc5 Qxc5 14.Bd5 Rb8 15.a5 
Bd7 16.Nc4 Bb5 17.Nxb5 Qxb5 18.Rfd1 Qc5 19.Ne3 g6 20.Ra4 Rfd8 21.Rda1 Nh5 
22.Qb3 Rf8 23.Rc4 Qa7 24.Rc7 Bg5 25.Bxf7+ Kh8 26.Bxg6 Ng7 27.Nf5 Bf6 28.
Qh3 Bg5 29.Rxg7 Rbc8 30.Rh7+ Kg8 1-0

[Event "3rd EUR-ch (w)"]
[Site "Varna BUL"]
[Date "2002.05.30"]
[Round "4.54"]
[White "Gerasimovich, Olga"]
[Black "Gjergji, Rozana"]
[Result "1-0"]
[WhiteElo "2153"]
[BlackElo "2029"]
[EventDate "2002.05.27"]
[PlyCount "97"]

1.Nf3 Nc6 2.d4 d5 3.g3 e6 4.Bg2 Bd6 5.O-O Nge7 6.b3 O-O 7.Bb2 Ng6 8.c4 
dxc4 9.bxc4 Na5 10.c5 Be7 11.Qa4 b6 12.Ne5 Nxe5 13.Bxa8 Nec4 14.Bc3 Bd7 
15.c6 Be8 16.Bb7 Qd5 17.Qc2 Nxb7 18.cxb7 Bc6 19.e4 Qxe4 20.Qxe4 Bxe4 21.
Nd2 Nxd2 22.Bxd2 Bxb7 23.Rac1 Bd6 24.Bf4 Bxf4 25.gxf4 Rc8 26.Rc3 Bd5 27.
Rfc1 c6 28.Ra3 a5 29.Rb1 c5 30.Rc3 Bxa2 31.Rxb6 a4 32.dxc5 Kf8 33.Ra6 Bb3 
34.Ra7 Ke8 35.Kf1 Rd8 36.Ke2 Rd7 37.Ra8+ Ke7 38.Ke3 Rc7 39.Ra6 Kd8 40.Rc1 
Kc8 41.c6 Kd8 42.Kd4 Ke7 43.Kc5 Bd5 44.Ra1 Bb3 45.Rb6 Kd8 46.Kd6 Kc8 47.
Ra6 Kb8 48.Rb6+ Kc8 49.Rxb3 1-0

[Event "3rd EUR-ch (w)"]
[Site "Varna BUL"]
[Date "2002.05.30"]
[Round "4.55"]
[White "Raeva, Elitsa"]
[Black "Ingolfsdottir, Harpa"]
[Result "1-0"]
[WhiteElo "2101"]
[BlackElo "2002"]
[EventDate "2002.05.27"]
[PlyCount "71"]

1.d4 Nf6 2.c4 c5 3.d5 b5 4.cxb5 a6 5.e3 axb5 6.Bxb5 Qa5+ 7.Nc3 Ne4 8.Ne2 
g6 9.O-O Bg7 10.Bxd7+ Nxd7 11.Nxe4 O-O 12.Nf4 Ba6 13.Re1 Rfb8 14.Bd2 Qb6 
15.Bc3 Ne5 16.Rc1 Rd8 17.Nxc5 Bc8 18.a4 g5 19.Bxe5 Bxe5 20.Nfd3 Rxd5 21.
Qf3 Qd6 22.g3 Rb8 23.Ne4 g4 24.Rxc8+ Rxc8 25.Qxg4+ Qg6 26.Qxc8+ Kg7 27.
Nxe5 Rxe5 28.Qc3 f6 29.Nc5 Qh5 30.b4 Qf3 31.a5 Rh5 32.Ne6+ Kh6 33.Qc8 Rxh2
34.Qf8+ Kh5 35.Qf7+ Kg4 36.Qg7+ 1-0

[Event "3rd EUR-ch (w)"]
[Site "Varna BUL"]
[Date "2002.05.31"]
[Round "5.1"]
[White "Kovalevskaya, Ekaterina"]
[Black "Stefanova, Antoaneta"]
[Result "1/2-1/2"]
[WhiteElo "2482"]
[BlackElo "2473"]
[EventDate "2002.05.27"]
[PlyCount "117"]

1.e4 e5 2.Nf3 Nc6 3.Bc4 Bc5 4.c3 Nf6 5.d3 d6 6.O-O O-O 7.Nbd2 a6 8.Bb3 Ba7
9.Re1 Ng4 10.Re2 Kh8 11.h3 Nh6 12.Nf1 f5 13.Bxh6 gxh6 14.exf5 Bxf5 15.Qd2 
Qf6 16.N1h2 h5 17.Rd1 Ne7 18.d4 Ng6 19.dxe5 dxe5 20.Qh6 Rae8 21.g3 h4 22.
Ng5 Re7 23.Kh1 Bd7 24.Ne4 Bc6 25.Bd5 Bxd5 26.Rxd5 Qc6 27.Qd2 hxg3 28.fxg3 
Qb6 29.Re1 Ref7 30.Rd8 Rxd8 31.Qxd8+ Kg7 32.Qd2 Qe6 33.Ng4 Qd7 34.Qxd7 
Rxd7 35.Kg2 Rf7 36.Rf1 Rxf1 37.Kxf1 c6 38.Ke2 h5 39.Ne3 Ne7 40.Nc4 Bb8 41.
Kf3 b5 42.Ne3 Ba7 43.g4 Kg6 44.Ng2 hxg4+ 45.hxg4 a5 46.Nh4+ Kf7 47.g5 a4 
48.Ng3 Ke6 49.Ke4 Bf2 50.Ngf5 Nd5 51.a3 Nb6 52.Nf3 Nd7 53.Ng7+ Kf7 54.
Nxe5+ Nxe5 55.Kxe5 Bg3+ 56.Kd4 Bf2+ 57.Ke5 Bg3+ 58.Kd4 Bf2+ 59.Ke5 1/2-1/2

[Event "3rd EUR-ch (w)"]
[Site "Varna BUL"]
[Date "2002.05.31"]
[Round "5.2"]
[White "Mkrtchian, Lilit"]
[Black "Peng Zhaoqin"]
[Result "1-0"]
[WhiteElo "2391"]
[BlackElo "2472"]
[EventDate "2002.05.27"]
[PlyCount "83"]

1.e4 c5 2.Nf3 d6 3.d4 cxd4 4.Nxd4 Nf6 5.Nc3 a6 6.Be2 e6 7.a4 Be7 8.O-O O-O
9.f4 Qc7 10.Kh1 Nc6 11.Be3 Re8 12.a5 Nxa5 13.e5 Nd5 14.Nxe6 Bxe6 15.Nxd5 
Bxd5 16.Qxd5 Nc6 17.Bc4 dxe5 18.Qxf7+ Kh8 19.Bd3 Qd6 20.Bxh7 Rf8 21.Qh5 
Qh6 22.Qxh6 gxh6 23.Be4 exf4 24.Rxf4 Rxf4 25.Bxf4 Kg7 26.Rd1 Rd8 27.Rxd8 
Nxd8 28.g4 Bg5 29.Bc7 b5 30.Bd5 Kf8 31.Kg2 Ke7 32.Kf3 Bf6 33.b3 Ne6 34.
Bxe6 Kxe6 35.Ke4 Bg5 36.Ba5 Bc1 37.h4 Ba3 38.Bd2 Bf8 39.Kd4 Be7 40.Bxh6 
Bxh4 41.Kc5 Bf2+ 42.Kc6 1-0

[Event "3rd EUR-ch (w)"]
[Site "Varna BUL"]
[Date "2002.05.31"]
[Round "5.3"]
[White "Kosintseva, Tatiana"]
[Black "Sedina, Elena"]
[Result "1/2-1/2"]
[WhiteElo "2373"]
[BlackElo "2407"]
[EventDate "2002.05.27"]
[PlyCount "84"]

1.e4 e6 2.d4 d5 3.exd5 exd5 4.Nf3 Nc6 5.Bb5 Bd6 6.c4 dxc4 7.d5 a6 8.Ba4 b5
9.dxc6 bxa4 10.O-O Ne7 11.Qxa4 O-O 12.Nbd2 Rb8 13.a3 Rb5 14.Nxc4 Nxc6 15.
Bg5 f6 16.Bh4 Qe8 17.Bg3 Ne5 18.Nfxe5 fxe5 19.Rad1 Qe6 20.Qc2 Bb7 21.Nxd6 
cxd6 22.Qc7 Bd5 23.b4 Rc8 24.Qa7 Ra8 25.Qe3 a5 26.Qd2 axb4 27.axb4 h6 28.
Rfe1 Ra4 29.Rb1 Qd7 30.Qd1 Ra2 31.Rc1 Qb7 32.Qg4 Ra8 33.Rc3 Rxb4 34.Qg6 
Rb6 35.Rec1 Rb8 36.h3 Rb1 37.Qxd6 Rxc1+ 38.Rxc1 Bxg2 39.Bxe5 Re8 40.Rc7 
Qb1+ 41.Kxg2 Qe4+ 42.Kh2 Qxe5+ 1/2-1/2

[Event "3rd EUR-ch (w)"]
[Site "Varna BUL"]
[Date "2002.05.31"]
[Round "5.4"]
[White "Galliamova, Alisa"]
[Black "Danielian, Elina"]
[Result "1/2-1/2"]
[WhiteElo "2500"]
[BlackElo "2411"]
[EventDate "2002.05.27"]
[PlyCount "62"]

1.e4 e6 2.d4 d5 3.Nc3 dxe4 4.Nxe4 Nd7 5.Nf3 Ngf6 6.Nxf6+ Nxf6 7.Bc4 c5 8.
O-O cxd4 9.b3 Bb4 10.Qe2 Bc3 11.Rb1 O-O 12.Bg5 Qa5 13.Bxf6 gxf6 14.Nxd4 
Qe5 15.Qxe5 fxe5 16.Nb5 Bb4 17.Rbd1 a6 18.Nd6 b5 19.Be2 Ra7 20.c4 bxc4 21.
Nxc4 Bc3 22.Rc1 Bd4 23.Nd6 Bd7 24.Rfd1 Kg7 25.Rd3 f5 26.Bf1 Kf6 27.Rh3 Kg7
28.Rg3+ Kf6 29.Rh3 Kg7 30.Rd3 Kf6 31.Rh3 Kg7 1/2-1/2

[Event "3rd EUR-ch (w)"]
[Site "Varna BUL"]
[Date "2002.05.31"]
[Round "5.5"]
[White "Grabuzova, Tatiana"]
[Black "Khurtsidze, Nino"]
[Result "1/2-1/2"]
[WhiteElo "2388"]
[BlackElo "2446"]
[EventDate "2002.05.27"]
[PlyCount "100"]

1.b3 d5 2.Bb2 Bg4 3.Nf3 Nd7 4.g3 Bxf3 5.exf3 Ngf6 6.f4 e6 7.Bh3 g6 8.Qe2 
Bg7 9.d3 O-O 10.Nd2 c5 11.O-O d4 12.Nf3 Nd5 13.Rfe1 Re8 14.Ng5 N7f6 15.Qf3
h6 16.Ne4 Nxe4 17.dxe4 Nb4 18.Red1 Qa5 19.Qe2 Rad8 20.a3 Nc6 21.Qd3 a6 22.
Bf1 Qc7 23.h4 h5 24.Qf3 b5 25.a4 Rb8 26.axb5 axb5 27.e5 Nb4 28.Qe4 Nd5 29.
Ra6 Rb6 30.Ra5 Reb8 31.Rda1 R6b7 32.Bg2 Rb6 33.Ra7 R6b7 34.Rxb7 Qxb7 35.b4
cxb4 36.Qxd4 Qc7 37.Bxd5 exd5 38.Qxd5 Qxc2 39.Qd6 Qc8 40.Qxb4 Bf8 41.Qb3 
Qc4 42.Qxc4 bxc4 43.Bd4 Rd8 44.Be3 c3 45.Rc1 Rc8 46.Rc2 Ba3 47.Kf1 Bb2 48.
Ke2 Rd8 49.Kf3 f5 50.Ke2 Kf7 1/2-1/2

[Event "3rd EUR-ch (w)"]
[Site "Varna BUL"]
[Date "2002.05.31"]
[Round "5.6"]
[White "Aleksieva, Silvia"]
[Black "Dworakowska, Joanna"]
[Result "0-1"]
[WhiteElo "2334"]
[BlackElo "2445"]
[EventDate "2002.05.27"]
[PlyCount "128"]

1.e4 c5 2.Nf3 d6 3.d4 cxd4 4.Nxd4 Nf6 5.Nc3 a6 6.Be3 e5 7.Nb3 Be7 8.f3 Be6
9.Qd2 O-O 10.O-O-O Nbd7 11.g4 Qc7 12.g5 Nh5 13.Kb1 Rfc8 14.Qf2 b5 15.Nd5 
Bxd5 16.exd5 Rcb8 17.Rg1 a5 18.Nc1 g6 19.h4 Bf8 20.Bd3 a4 21.Bf1 Bg7 22.
Qd2 b4 23.Rg4 Nf4 24.Ne2 Nxe2 25.Bxe2 e4 26.Rxe4 b3 27.cxb3 axb3 28.axb3 
Rxb3 29.Bd4 Bxd4 30.Qxd4 Qa5 31.Bc4 Qa2+ 32.Kc2 Rc8 33.Kd2 Rxb2+ 34.Ke1 
Qa3 35.Be2 Ne5 36.Re3 Qa2 37.Kf1 Rcc2 38.Re1 Rc4 39.Qd1 Rxh4 40.Kg2 Rd2 
41.Qa1 Qxd5 42.Kg3 Rdd4 43.Rd1 Rxd1 44.Bxd1 Qc4 45.Qa8+ Kg7 46.Re4 Rxe4 
47.Qxe4 Qf1 48.Qf4 Qg1+ 49.Kh3 h5 50.gxh6+ Kh7 51.Bb3 Qh1+ 52.Kg3 Qe1+ 53.
Kh3 f5 54.Bd5 Qh1+ 55.Kg3 Qxh6 56.Qb4 Qg5+ 57.Kh2 Qe7 58.Qb8 f4 59.Qg8+ 
Kh6 60.Kh3 Qg7 61.Qd8 Qd7+ 62.Qxd7 Nxd7 63.Kg4 Nf6+ 64.Kxf4 Nxd5+ 0-1

[Event "3rd EUR-ch (w)"]
[Site "Varna BUL"]
[Date "2002.05.31"]
[Round "5.7"]
[White "Slavina, Irina"]
[Black "Matveeva, Svetlana"]
[Result "1/2-1/2"]
[WhiteElo "2370"]
[BlackElo "2437"]
[EventDate "2002.05.27"]
[PlyCount "102"]

1.Nf3 Nf6 2.c4 g6 3.d4 Bg7 4.Nc3 d5 5.cxd5 Nxd5 6.Bd2 Nb6 7.e4 Bg4 8.Be3 
O-O 9.Be2 Bxf3 10.gxf3 N8d7 11.Qc2 f5 12.Rd1 c6 13.a4 a5 14.h4 f4 15.Bc1 
e5 16.d5 Kh8 17.dxc6 bxc6 18.Bf1 Qe7 19.h5 gxh5 20.Rxh5 Bf6 21.Bh3 Rg8 22.
Bf5 Rg7 23.Ke2 Nf8 24.Rh6 Rd8 25.Rxd8 Qxd8 26.Nb1 Qd6 27.Bd2 Ra7 28.Bc3 
Nbd7 29.Na3 Qc5 30.Qb3 Kg7 31.Rh1 Nb6 32.Rc1 Bh4 33.Bxe5+ Qxe5 34.Qxb6 Re7
35.Rc5 Qd4 36.Rxc6 Bxf2 37.Qxd4+ Bxd4 38.Nc4 Rb7 39.Kd3 Bxb2 40.Nxa5 Rb4 
41.Rc4 Rb6 42.Rc7+ Kg8 43.Nc4 Rb4 44.Nxb2 Rxb2 45.a5 Ra2 46.Ra7 Rf2 47.a6 
Rxf3+ 48.Ke2 Ra3 49.Ra8 Kg7 50.Ra7+ Kf6 51.Bxh7 Ke5 1/2-1/2

[Event "3rd EUR-ch (w)"]
[Site "Varna BUL"]
[Date "2002.05.31"]
[Round "5.8"]
[White "Zimina, Olga"]
[Black "Arakhamia-Grant, Ketevan"]
[Result "0-1"]
[WhiteElo "2360"]
[BlackElo "2425"]
[EventDate "2002.05.27"]
[PlyCount "94"]

1.e4 c5 2.Nf3 e6 3.c3 d5 4.exd5 Qxd5 5.d4 Nf6 6.Be2 cxd4 7.cxd4 Nc6 8.Nc3 
Qd6 9.O-O Be7 10.Bg5 O-O 11.Qd2 Nd5 12.Be3 b6 13.Rac1 Bb7 14.Bd3 Ncb4 15.
Bb1 Nxc3 16.Rxc3 Nd5 17.Rcc1 Nxe3 18.fxe3 f5 19.Qe2 Bf6 20.Rcd1 g5 21.e4 
g4 22.Ne1 Bxd4+ 23.Kh1 Qe5 24.Qc4 Rad8 25.Nd3 b5 26.Qb3 Qxe4 27.Nf4 Qe5 
28.Qxe6+ Kh8 29.Rde1 Qg7 30.Qb3 Qh6 31.Qxb5 Ba6 32.Qb3 Bxf1 33.Rxf1 Be5 
34.Bc2 Bxf4 35.Qc3+ Qg7 36.Rxf4 Qxc3 37.bxc3 Rd2 38.Bb3 Re8 39.Kg1 Re1+ 
40.Rf1 Ree2 41.Rxf5 Rxg2+ 42.Kf1 Rxh2 43.Rf8+ Kg7 44.Rg8+ Kf6 45.Rxg4 h5 
46.Rg8 Rh1+ 47.Rg1 Rxg1+ 0-1

[Event "3rd EUR-ch (w)"]
[Site "Varna BUL"]
[Date "2002.05.31"]
[Round "5.9"]
[White "Zhukova, Natalia"]
[Black "Lomineishvili, Maia"]
[Result "1/2-1/2"]
[WhiteElo "2425"]
[BlackElo "2370"]
[EventDate "2002.05.27"]
[PlyCount "60"]

1.d4 Nf6 2.c4 e6 3.Nf3 d5 4.Nc3 Bb4 5.Bg5 h6 6.Bxf6 Qxf6 7.Qb3 c5 8.cxd5 
exd5 9.e3 O-O 10.dxc5 Bxc3+ 11.bxc3 Be6 12.Rc1 Nd7 13.Qxb7 Nxc5 14.Qb4 
Rfc8 15.Qd4 Qxd4 16.Nxd4 Rab8 17.Bb5 a6 18.Be2 Rb2 19.O-O Rxa2 20.Ra1 Rxa1
21.Rxa1 Ne4 22.f3 Nxc3 23.Rxa6 Bd7 24.Rd6 Ba4 25.h4 Rb8 26.h5 Rb1+ 27.Kf2 
Rb2 28.Ke1 Nxe2 29.Nxe2 Rb1+ 30.Kf2 Rb2 1/2-1/2

[Event "3rd EUR-ch (w)"]
[Site "Varna BUL"]
[Date "2002.05.31"]
[Round "5.10"]
[White "Schuurman, Petra"]
[Black "Prudnikova, Svetlana"]
[Result "0-1"]
[WhiteElo "2283"]
[BlackElo "2422"]
[EventDate "2002.05.27"]
[PlyCount "111"]

1.c4 e5 2.Nc3 Nf6 3.Nf3 Nc6 4.g3 d5 5.cxd5 Nxd5 6.Bg2 Nb6 7.O-O Be7 8.Rb1 
O-O 9.b4 a6 10.a4 f6 11.b5 axb5 12.axb5 Nd4 13.d3 Be6 14.e3 Nxf3+ 15.Bxf3 
Nd5 16.Nxd5 Bxd5 17.Bxd5+ Qxd5 18.Qb3 Rfd8 19.e4 Qxb3 20.Rxb3 Bc5 21.Rc3 
b6 22.Be3 Bxe3 23.fxe3 Ra5 24.Rxc7 Rxd3 25.Rb7 h5 26.Rc1 Ra2 27.Rxb6 Rxe3 
28.Rb1 Rxe4 29.Rb8+ Kh7 30.b6 Ree2 31.h4 Reb2 32.Rxb2 Rxb2 33.Kf1 Kg6 34.
Rb7 Kf5 35.Rxg7 Rxb6 36.Kg2 Rb2+ 37.Kf3 Rb3+ 38.Kf2 Ke4 39.g4 hxg4 40.
Rxg4+ Kf5 41.Ra4 e4 42.Kg2 Kf4 43.h5 Rg3+ 44.Kf2 Rh3 45.Ra6 f5 46.h6 Kg5 
47.Ra5 Rxh6 48.Kg3 Rd6 49.Kf2 Kg4 50.Ra8 Rd3 51.Ke2 Rh3 52.Rg8+ Kf4 53.Rg2
Ra3 54.Rg8 Ra2+ 55.Kf1 Kf3 56.Rg5 0-1

[Event "3rd EUR-ch (w)"]
[Site "Varna BUL"]
[Date "2002.05.31"]
[Round "5.12"]
[White "Hunt, Harriet"]
[Black "Lallemand, Roza"]
[Result "1-0"]
[WhiteElo "2415"]
[BlackElo "2300"]
[EventDate "2002.05.27"]
[PlyCount "107"]

1.e4 c5 2.Nf3 e6 3.b3 d6 4.Bb2 Nf6 5.Bd3 Be7 6.O-O Nc6 7.c3 e5 8.h3 Nh5 9.
Bb5 Nf4 10.d4 Qc7 11.dxc5 dxc5 12.c4 f6 13.Nc3 O-O 14.Nd5 Nxd5 15.cxd5 Nd4
16.Bxd4 exd4 17.Qd2 Bd6 18.Rfe1 Qf7 19.Bf1 Qg6 20.Qd3 Qh6 21.a4 Bd7 22.Nd2
Rae8 23.Nc4 Be5 24.Rac1 b6 25.Nxe5 fxe5 26.Rc2 a5 27.Qd2 Qg6 28.Bb5 h5 29.
Bd3 Rf4 30.g3 Rf3 31.h4 Ref8 32.Rb2 Qg4 33.Bf1 Rc3 34.Bg2 Rf6 35.Rbb1 g5 
36.hxg5 Rg6 37.f3 Qxg5 38.Qxg5 Rxg5 39.Rec1 Re3 40.Re1 Rc3 41.f4 Rgxg3 42.
fxe5 Bh3 43.Rb2 Bxg2 44.Rxg2 Rxg2+ 45.Kxg2 d3 46.Rf1 d2 47.e6 Re3 48.e7 
Rxe4 49.d6 Re2+ 50.Kg3 Re3+ 51.Kh4 Re4+ 52.Kg3 Re3+ 53.Kf2 Re6 54.d7 1-0

[Event "3rd EUR-ch (w)"]
[Site "Varna BUL"]
[Date "2002.05.31"]
[Round "5.13"]
[White "Sarakauskiene, Zivile"]
[Black "Alexandrova, Olga"]
[Result "1/2-1/2"]
[WhiteElo "2105"]
[BlackElo "2413"]
[EventDate "2002.05.27"]
[PlyCount "66"]

1.e4 c5 2.Nf3 e6 3.d4 cxd4 4.Nxd4 a6 5.Bd3 Nc6 6.Nxc6 dxc6 7.O-O e5 8.Qh5 
Qc7 9.Nd2 Nf6 10.Qe2 Bc5 11.a4 Bg4 12.Qe1 a5 13.Nc4 O-O 14.Be3 Nd7 15.Bxc5
Nxc5 16.Qc3 f6 17.Ne3 Nxd3 18.Nxg4 Nf4 19.Qc4+ Qf7 20.Ne3 Qxc4 21.Nxc4 
Ne2+ 22.Kh1 Nd4 23.c3 Nb3 24.Ra3 Nc5 25.f3 Rfd8 26.Kg1 Kf7 27.Raa1 Ke6 28.
Kf2 h5 29.Ke2 h4 30.Nb6 Ra6 31.Nc4 g6 32.Rad1 Rxd1 33.Kxd1 Nb3 1/2-1/2